Die niedlichsten Mädchen Namen (Schwer) - Statistiken

Allgemein
  • Dieses Quiz wurde 142 mal gespielt
  • Das Durchschnittsergebnis liegt bei 3 aus 14
Antwortstatistiken
Name % Korrekt
Lyn/Lin/Rin
70%
Lisa/Risa
42%
Lilly/Lillie
41%
Emilie/Emily
36%
Emilia
30%
Nia
9%
Annika
8%
Tiffany
8%
Kiki
7%
Chika
4%
Lilia
4%
Chizuru
3%
Marika
2%
Michiru
2%
Keine übereinstimmenden Quizze gefunden
Verteilung der Resultate
Anzahl Personen mit jedem Resultat
Perzentil nach korrekt beantworteten Fragen
Ihre Resultats-Entwicklung
Sie haben dieses Quiz noch nicht gespielt